| 000 | 00458nam a22001577a 4500 | ||
|---|---|---|---|
| 008 | 131008b xxu||||| |||| 00| 0 ger d | ||
| 020 | _a3499600757 | ||
| 041 | 0 | _ager | |
| 080 | _a004.42 | ||
| 100 | 1 | _aFink, Hans-Josef | |
| 245 | 1 | 0 |
_aSAP R/3 / _cHans-Josef Fink |
| 260 |
_aHamburg : _bRowohlt Taschenbuch Verlag ; _c2000 |
||
| 300 |
_a378 f. : _bme il. ; _c19 cm. |
||
| 650 | 0 | _aProgramimi (Kompjuterat elektronikë) | |
| 942 |
_2udc _cBK |
||
| 999 |
_c42 _d42 |
||